The encyclopedia of elder care : the comprehensive resource on geriatric and social care /

Bibliographic Details
Other Authors: Mezey, Mathy Doval
Format: Book
Language:English
Published: New York : Springer Pub., [2001]
Subjects:

MARC

Tag First Indicator Second Indicator Subfields
LEADER 00000cam a22000004a 4500
001 in00001602221
005 20151023052627.0
008 000802s2001 nyu be 001 0 eng c
010 |a  00061890  
016 7 |a 100961559  |2 DNLM 
020 |a 0826113680 (hardcover) 
035 |a (OCoLC)ocm44769527 
040 |a DNLM/DLC  |c DLC  |d NLM  |d C#P  |d UtOrBLW 
042 |a pcc 
049 |a TXAM 
050 0 0 |a RC954  |b .E53 2001 
060 0 0 |a 2001 C-081 
060 1 0 |a WT 13  |b E56 2001 
082 0 0 |a 362.1/9897  |2 21 
245 0 4 |a The encyclopedia of elder care :  |b the comprehensive resource on geriatric and social care /  |c Mathy D. Mezey, editor-in-chief ; Barbara J. Berkman [and others], associate editors ; Melissa M. Bottrell, managing editor. 
264 1 |a New York :  |b Springer Pub.,  |c [2001] 
264 4 |c ©2001 
300 |a xl, 783 pages ;  |c 27 cm. 
336 |a text  |b txt  |2 rdacontent 
337 |a unmediated  |b n  |2 rdamedia 
338 |a volume  |b nc  |2 rdacarrier 
504 |a Includes bibliographical references (pages 691-748) and indexes. 
650 0 |a Geriatric nursing  |v Encyclopedias. 
650 0 |a Older people  |x Care  |v Encyclopedias. 
650 0 |a Older people  |x Medical care  |v Encyclopedias. 
650 1 2 |a Health Services for the Aged  |v Encyclopedias  |x English. 
650 2 2 |a Geriatric Nursing  |v Encyclopedias  |x English. 
650 2 2 |a Geriatrics  |v Encyclopedias  |x English. 
700 1 |a Mezey, Mathy Doval. 
994 |a E0  |b TXA 
948 |a cataloged  |b h  |c 2001/7/31  |d c  |e bwalker  |f 1:15:49 pm 
999 |a MARS 
999 f f |s 95e2debe-5b91-3f3b-9cfd-3ccdf455a990  |i 3da475ee-5c9d-32e6-8916-500eb56c809b  |t 0 
952 f f |p ric  |a Texas A&M University  |b Rellis Campus  |c Joint Library Facility  |d Remote Storage  |t 0  |e RC954 .E53 2001  |h Library of Congress classification  |i unmediated -- volume  |m A14827829236 
998 f f |a RC954 .E53 2001  |t 0  |l Remote Storage